000
00310nam a2200145Ia 4500
100
_a
JOHN/K/C/
650
_a
PRODUCTION
942
_c
BK
366
_f
25
245
_a
Engineering Graphics
260
_b
Prentice Hall of India
_a
New Delhi
_c
2001
082
_a
604.2/JOH
300
_a
520
546
_a
ENGLISH
999
_c
27265
_d
27265